| 000 | 01032cam a2200301 a 4500 | ||
|---|---|---|---|
| 999 |
_c10546 _d10546 |
||
| 001 | 3534041 | ||
| 003 | OSt | ||
| 005 | 20210225124313.0 | ||
| 008 | 960712s1991 caua b 000 0 eng | ||
| 010 | _a 96168696 | ||
| 020 | _a0062506064 (pbk.) | ||
| 040 |
_aDLC _cDLC _dDLC |
||
| 050 | 0 | 0 |
_aBF692.5 _bM821K |
| 082 | 0 | 0 |
_a155.6/32 _220 _bM821K |
| 100 | 1 |
_aMoore, Robert L., _d1942- |
|
| 245 | 1 | 0 |
_aKing, warrior, magician, lover : _brediscovering the archetypes of the mature masculine / _cRobert Moore and Douglas Gillette. |
| 250 | _a1st HarperCollins pbk. ed. | ||
| 260 |
_a[San Francisco] : _bHarperSanFrancisco, _c1991. |
||
| 300 |
_axix, 160 p. : _bill. ; _c24 cm. |
||
| 504 | _aIncludes bibliographical references (p. 157-159). | ||
| 650 | 0 |
_aMen _xPsychology. |
|
| 650 | 0 | _aMasculinity. | |
| 650 | 0 | _aArchetype (Psychology) | |
| 700 | 1 | _aGillette, Douglas. | |
| 906 |
_a7 _bcbc _corignew _d2 _encip _f19 _gy-gencatlg |
||
| 942 |
_2ddc _cBK |
||